[Event "YUG-ch"]
[Site "Podgorica"]
[Date "1996.??.??"]
[Round "14"]
[White "Kosic, Dragan"]
[Black "Velimirovic, Dragoljub"]
[Result "1-0"]
[WhiteElo "2515"]
[BlackElo "2510"]
[PlyCount "71"]
[EventDate "1996.02.??"]
[EventType "tourn"]
[EventRounds "15"]
[EventCountry "YUG"]
[EventCategory "9"]
[Source "ChessBase"]
[SourceDate "1996.08.01"]
[WhiteTeamCountry "YUG"]
[BlackTeamCountry "YUG"]

1. d4 c5 2. c3 e6 3. Nf3 Nc6 4. e3 d5 5. Nbd2 Nf6 6. dxc5 Bxc5 7. b4 Be7 8. Bb2
e5 9. b5 e4 10. bxc6 exf3 11. cxb7 fxg2 12. Bxg2 Bxb7 13. Qa4+ Nd7 14. c4 O-O
15. O-O Nc5 16. Qc2 Rc8 17. Rfd1 Rc6 18. cxd5 Rg6 19. Nf1 Bd6 20. Ng3 h5 21.
Ba3 Qa5 22. Bxc5 Rc8 23. Qb2 Rxc5 24. Qxb7 h4 25. Qa8+ Kh7 26. Be4 hxg3 27.
hxg3 Rc4 28. Bxg6+ Kxg6 29. Rac1 Rxc1 30. Rxc1 Qd2 31. Qc6 Kg5 32. Kg2 f5 33.
Rh1 Be5 34. Qe6 Bf6 35. Rh4 Qxa2 36. e4 1-0

[Event "YUG-ch"]
[Site "Podgorica"]
[Date "1996.??.??"]
[Round "15"]
[White "Velimirovic, Dragoljub"]
[Black "Stojanovic, Mihajlo"]
[Result "1-0"]
[WhiteElo "2510"]
[BlackElo "2435"]
[Annotator "Baburin"]
[PlyCount "61"]
[EventDate "1996.02.??"]
[EventType "tourn"]
[EventRounds "15"]
[EventCountry "YUG"]
[EventCategory "9"]
[Source "ChessBase"]
[SourceDate "1996.08.01"]
[WhiteTeamCountry "YUG"]
[BlackTeamCountry "YUG"]

1. e4 e6 2. d4 d5 3. Nc3 Nf6 4. Bg5 Be7 5. e5 Nfd7 6. h4 {
Alekhine would be definitely very pleased by this move!} Bxg5 7. hxg5 Qxg5 {
Ttheory does not approve of the acceptance of the pawn in this line, and with
good reason.} 8. Nh3 Qe7 9. Nf4 g6 10. Bd3 Qg5 {Returning here doesn't look
right, but Black is trying to prevent Bxg6 fxg,  Nxg6 & Nxh8, which would ruin
his King side completely.} 11. Qd2 a6 {# White has a great lead in development,
space advantage, the semi-open h-file, but the question is: how to transform
all these positional advantages in something material? GM Velimirovic gives a
very interesting answer!} 12. Bxg6 $1 Nxe5 (12... fxg6 13. Nxe6 Qxd2+ (13...
Qxg2 $2 14. O-O-O) 14. Kxd2 Ra7 15. Nxc7+ $16) 13. Rh5 Nc4 (13... Nf3+ 14. gxf3
Qg1+ 15. Ke2 Qxa1 {The black queen is completely out of play and with all his
pieces undeveloped Black should be defeated.} 16. Bxf7+ $1 Kxf7 17. Nfxd5 $1)
14. Rxg5 Nxd2 15. Bd3 Nc4 16. Ncxd5 $1 exd5 17. Nxd5 Nb6 18. Nxc7+ Kf8 19. Nxa8
Nxa8 20. Kd2 {# The position which has arisen as a result of tactical
complications is winning for White: he has a ROOK and TWO pawns for two
KNIGHTS in the ending; his pawn formation is very healthy, while the black
pawns on the king side are weak; White still has better development.} Nd7 21.
Rh1 h6 22. f3 Nf6 23. g4 Nb6 24. Rc5 Kg7 25. g5 Nfd5 26. c4 Nf4 27. gxh6+ Rxh6
28. Rxh6 Kxh6 29. Rc7 Nxd3 30. Kxd3 Kg6 31. d5 1-0

[Event "YUG Cup"]
[Site "Ulcinj"]
[Date "1997.??.??"]
[Round "?"]
[White "Cabrilo, Goran"]
[Black "Velimirovic, Dragoljub"]
[Result "1/2-1/2"]
[WhiteElo "2475"]
[BlackElo "2485"]
[PlyCount "75"]
[EventDate "1997.??.??"]
[EventType "team"]
[EventRounds "7"]
[EventCountry "YUG"]
[Source "ChessBase"]
[SourceDate "1998.11.10"]
[WhiteTeamCountry "YUG"]
[BlackTeamCountry "YUG"]

1. e4 c5 2. Nf3 Nc6 3. Bb5 g6 4. O-O Bg7 5. c3 Nf6 6. Re1 O-O 7. h3 e5 8. d3 d6
9. Nbd2 Bd7 10. Nf1 Nh5 11. Bc4 Kh8 12. a3 f5 13. exf5 gxf5 14. Ng5 Nf6 15. f4
Qe8 16. Nf3 Rd8 17. Ne3 Qg6 18. Nh4 Qh5 19. Qxh5 Nxh5 20. Nd5 exf4 21. Nxf4
Nxf4 22. Bxf4 Ne5 23. Nf3 b5 24. Bxe5 dxe5 25. Bb3 Rde8 26. a4 b4 27. cxb4 cxb4
28. Rac1 e4 29. dxe4 Bxb2 30. Rc7 Be6 31. Bxe6 Rxe6 32. Rb1 fxe4 33. Rxb2 exf3
34. gxf3 a5 35. Rc5 Rxf3 36. Rxa5 Rg6+ 37. Kh2 b3 38. Rg2 1/2-1/2

[Event "YUG Cup"]
[Site "Ulcinj"]
[Date "1997.??.??"]
[Round "?"]
[White "Popchev, Milko"]
[Black "Velimirovic, Dragoljub"]
[Result "0-1"]
[WhiteElo "2440"]
[BlackElo "2485"]
[PlyCount "138"]
[EventDate "1997.??.??"]
[EventType "team"]
[EventRounds "7"]
[EventCountry "YUG"]
[Source "ChessBase"]
[SourceDate "1998.11.10"]
[WhiteTeamCountry "YUG"]
[BlackTeamCountry "YUG"]

1. d4 c5 2. c3 e6 3. g3 Nf6 4. Bg2 Nc6 5. Nf3 d5 6. a3 a5 7. a4 cxd4 8. cxd4
Bb4+ 9. Nc3 Ne4 10. Qc2 Bd7 11. O-O f5 12. Bf4 Rc8 13. Qd3 g5 14. Bd2 O-O 15.
Ne1 Qe8 16. Nc2 Qh5 17. f3 Nxd2 18. Qxd2 Bd6 19. e4 f4 20. e5 Be7 21. Rf2 Nb4
22. Na3 Qg6 23. g4 Qd3 24. Bf1 Qxd2 25. Rxd2 h5 26. gxh5 Be8 27. Bh3 Rc6 28.
Bg4 Kg7 29. Nab5 Rh8 30. Kg2 Bxh5 31. h3 Kf7 32. Na7 Rc4 33. Bxh5+ Rxh5 34. Rc1
Ke8 35. Ne2 Rxc1 36. Nxc1 Kd7 37. Nd3 Rh8 38. Nxb4 axb4 39. Rc2 b3 40. Rc3 Ra8
41. Nb5 Rxa4 42. Rc7+ Kd8 43. Rxb7 Ra2 44. Nc3 Rxb2+ 45. Kf1 Ba3 46. Ke1 Kc8
47. Rb6 Kc7 48. Rb5 Be7 49. Nd1 Rb1 50. Ke2 Bd8 51. Nc3 Rb2+ 52. Kf1 Kc6 53.
Rc5+ Kd7 54. Rb5 Rd2 55. Rxb3 Rxd4 56. Ke2 Ba5 57. Ra3 Bb4 58. Ra7+ Kc6 59. Nb1
Rc4 60. Kd1 d4 61. Rg7 Kd5 62. Rxg5 Rc7 63. Rg8 Rh7 64. Rb8 Kc4 65. Nd2+ Bxd2
66. Kxd2 Rxh3 67. Rb6 Rxf3 68. Rxe6 Kd5 69. Re8 Re3 0-1

[Event "YUG Cup"]
[Site "Ulcinj"]
[Date "1997.??.??"]
[Round "?"]
[White "Savanovic, Aleksandar"]
[Black "Velimirovic, Dragoljub"]
[Result "0-1"]
[WhiteElo "2415"]
[BlackElo "2485"]
[PlyCount "73"]
[EventDate "1997.??.??"]
[EventType "team"]
[EventRounds "7"]
[EventCountry "YUG"]
[Source "ChessBase"]
[SourceDate "1998.11.10"]
[WhiteTeamCountry "YUG"]
[BlackTeamCountry "YUG"]

1. e4 c5 2. Nf3 Nc6 3. d4 cxd4 4. Nxd4 g6 5. Nc3 Bg7 6. Nb3 a6 7. Be2 b5 8. O-O
b4 9. Nd5 e6 10. Re1 d6 11. Ne3 Nf6 12. Nc4 d5 13. exd5 Nxd5 14. a3 bxa3 15.
Rxa3 O-O 16. Nba5 Nd4 17. Bf1 Qc7 18. c3 Nf5 19. g3 Rb8 20. Qf3 Bd7 21. Bd2 h5
22. Rea1 Bb5 23. Bc1 h4 24. Nd2 hxg3 25. hxg3 Nde7 26. Nab3 Nc6 27. c4 Ne5 28.
Qe2 Bc6 29. Bg2 Bxg2 30. Kxg2 Rfd8 31. Kg1 Nd3 32. Rxa6 Nd4 33. Nxd4 Bxd4 34.
Ne4 Nxf2 35. Kg2 Qb7 36. Kf3 f5 37. Rxe6 0-1

[Event "YUG Cup"]
[Site "Ulcinj"]
[Date "1997.??.??"]
[Round "?"]
[White "Velimirovic, Dragoljub"]
[Black "Matulovic, Milan"]
[Result "1-0"]
[WhiteElo "2485"]
[BlackElo "2440"]
[PlyCount "83"]
[EventDate "1997.??.??"]
[EventType "team"]
[EventRounds "7"]
[EventCountry "YUG"]
[Source "ChessBase"]
[SourceDate "1998.11.10"]
[WhiteTeamCountry "YUG"]
[BlackTeamCountry "YUG"]

1. e4 e5 2. Nf3 Nc6 3. c3 Nf6 4. d4 d6 5. h3 g6 6. d5 Ne7 7. Bd3 Bg7 8. c4 Nd7
9. Nc3 Nc5 10. Bc2 a5 11. Be3 O-O 12. g4 f5 13. Rg1 Nxe4 14. Nxe4 fxe4 15. Bxe4
Kh8 16. Qe2 c6 17. O-O-O cxd5 18. cxd5 b6 19. Kb1 Ng8 20. Ng5 Nf6 21. Bc2 a4
22. Qb5 Qe7 23. Qb4 Bb7 24. Be4 a3 25. b3 Rac8 26. f3 Bh6 27. h4 Nxe4 28. fxe4
Qd7 29. Rc1 Rxc1+ 30. Bxc1 Bxg5 31. hxg5 Ba6 32. Bxa3 Bd3+ 33. Ka1 Rf4 34. Qxb6
Rxe4 35. Qb8+ Kg7 36. Bxd6 h5 37. Qf8+ Kh7 38. Qh6+ Kg8 39. Qxg6+ Qg7 40. Qe8+
Kh7 41. Qxh5+ Kg8 42. Qe8+ 1-0

[Event "YUG Cup"]
[Site "Ulcinj"]
[Date "1997.??.??"]
[Round "?"]
[White "Velimirovic, Dragoljub"]
[Black "Todorovic, Goran M"]
[Result "1-0"]
[WhiteElo "2485"]
[BlackElo "2510"]
[PlyCount "79"]
[EventDate "1997.??.??"]
[EventType "team"]
[EventRounds "7"]
[EventCountry "YUG"]
[Source "ChessBase"]
[SourceDate "1998.11.10"]
[WhiteTeamCountry "YUG"]
[BlackTeamCountry "YUG"]

1. a3 e5 2. c4 Nf6 3. Nc3 g6 4. d4 exd4 5. Qxd4 Bg7 6. Qe3+ Kf8 7. Qd3 Nc6 8.
Nf3 d6 9. e4 h6 10. Be2 Bg4 11. Be3 Kg8 12. h3 Bxf3 13. gxf3 Nd7 14. O-O-O Nc5
15. Qc2 Ne6 16. Rd3 Qh4 17. Qd1 Nf4 18. Rd2 Bxc3 19. bxc3 Kh7 20. c5 dxc5 21.
Bxc5 Rad8 22. Be3 Rxd2 23. Qxd2 Rd8 24. Qa2 Qf6 25. Bc4 Nd3+ 26. Kc2 Nde5 27.
f4 Nxc4 28. Qxc4 Kg8 29. h4 Na5 30. Qxc7 Nc6 31. f5 gxf5 32. Qg3+ Kh7 33. Bg5
Qe6 34. Bxd8 Qxe4+ 35. Kb2 f4 36. Qg4 Ne5 37. Qd1 Nd3+ 38. Ka1 f5 39. Rg1 Qd5
40. Bf6 1-0

[Event "YUG-ch52"]
[Site "Niksic"]
[Date "1997.??.??"]
[Round "1"]
[White "Drasko, Milan"]
[Black "Velimirovic, Dragoljub"]
[Result "1-0"]
[WhiteElo "2555"]
[BlackElo "2485"]
[PlyCount "181"]
[EventDate "1997.??.??"]
[EventType "tourn"]
[EventRounds "15"]
[EventCountry "YUG"]
[EventCategory "10"]
[Source "ChessBase"]
[SourceDate "1999.11.16"]
[WhiteTeamCountry "YUG"]
[BlackTeamCountry "YUG"]

1. d4 Nf6 2. c4 c5 3. d5 g6 4. Nf3 Bg7 5. g3 d6 6. Bg2 O-O 7. O-O a6 8. a4 e6
9. Nc3 exd5 10. cxd5 Nbd7 11. Bf4 Qe7 12. h3 h6 13. Qc1 g5 14. Bd2 Nh7 15. h4
f6 16. Rb1 Re8 17. b4 Nhf8 18. Qc2 b6 19. bxc5 bxc5 20. a5 g4 21. Nh2 Ne5 22.
Na4 Nfd7 23. Rfe1 Qf7 24. Be4 f5 25. Bxf5 Nf6 26. Nb6 Bxf5 27. Qxf5 Ra7 28. Bc3
Rae7 29. Rbd1 Ne4 30. Qxf7+ Kxf7 31. Bxe5 Bxe5 32. Nc4 h5 33. Rd3 Kg6 34. Nf1
Rb8 35. Rc1 Bd4 36. e3 Bf6 37. Nfd2 Nxd2 38. Rxd2 Rd7 39. Nb6 Rdb7 40. Kg2 Bd8
41. Nc4 Rd7 42. e4 Bf6 43. e5 Bxe5 44. Nxe5+ dxe5 45. Rxc5 Rd6 46. Rc6 Rbd8 47.
Rb2 Kf5 48. Rxd6 Rxd6 49. Rb6 Rxd5 50. Rxa6 Rb5 51. Ra8 Kg6 52. Kf1 Rb1+ 53.
Ke2 Ra1 54. Ke3 Kf5 55. a6 Ra3+ 56. Kd2 Ke4 57. a7 Rd3+ 58. Ke2 Ra3 59. Rh8
Ra2+ 60. Kf1 Ra1+ 61. Kg2 Rxa7 62. Rxh5 Rg7 63. Kf1 Rg8 64. Ke2 Rg7 65. Rh8 Rg6
66. Rf8 Rg7 67. Rf6 Rg8 68. Rf7 Rg6 69. Rf8 Rg7 70. Ra8 Rg6 71. Ra4+ Kf5 72. f3
gxf3+ 73. Kxf3 Rf6 74. g4+ Kg6+ 75. Ke3 Rf1 76. Ra6+ Kf7 77. h5 Rg1 78. Rg6
Re1+ 79. Kf2 Re4 80. Kf3 Rf4+ 81. Ke3 Ra4 82. Kf3 Rb4 83. Ra6 e4+ 84. Ke3 Rb5
85. Kxe4 Rb4+ 86. Kf5 Rb5+ 87. Kf4 Rb4+ 88. Kg5 Rb5+ 89. Kh4 Kg7 90. Ra7+ Kh6
91. g5+ 1-0

[Event "YUG-ch52"]
[Site "Niksic"]
[Date "1997.??.??"]
[Round "2"]
[White "Velimirovic, Dragoljub"]
[Black "Kosic, Dragan"]
[Result "0-1"]
[WhiteElo "2485"]
[BlackElo "2515"]
[PlyCount "76"]
[EventDate "1997.??.??"]
[EventType "tourn"]
[EventRounds "15"]
[EventCountry "YUG"]
[EventCategory "10"]
[Source "ChessBase"]
[SourceDate "1998.11.10"]
[WhiteTeamCountry "YUG"]
[BlackTeamCountry "YUG"]

1. e4 e6 2. d4 d5 3. Nc3 dxe4 4. Nxe4 Nd7 5. Nf3 Ngf6 6. Bg5 h6 7. Bxf6 Nxf6 8.
Nxf6+ Qxf6 9. Bb5+ c6 10. Bd3 Bd6 11. O-O Bd7 12. Qe2 O-O-O 13. c4 g5 14. c5
Bc7 15. Rad1 Be8 16. Bc4 h5 17. Qe3 g4 18. Ne5 Rg8 19. f4 gxf3 20. Rxf3 Qg7 21.
Rg3 Qh7 22. Rxg8 Qxg8 23. Rf1 Kb8 24. b4 Qh7 25. Bb3 Qg7 26. Qf4 Qh7 27. g3 a6
28. Kg2 f6 29. Qxf6 Rxd4 30. Nf3 Rxb4 31. Qf8 Qg6 32. Re1 Rf4 33. Qh8 Ka7 34.
Bxe6 Qc2+ 35. Kh3 Rxf3 36. Qxe8 Rf2 37. Kh4 Rxh2+ 38. Kg5 Qd2+ 0-1

[Event "YUG-ch52"]
[Site "Niksic"]
[Date "1997.??.??"]
[Round "3"]
[White "Ivanisevic, Ivan"]
[Black "Velimirovic, Dragoljub"]
[Result "0-1"]
[WhiteElo "2450"]
[BlackElo "2485"]
[PlyCount "86"]
[EventDate "1997.??.??"]
[EventType "tourn"]
[EventRounds "15"]
[EventCountry "YUG"]
[EventCategory "10"]
[Source "ChessBase"]
[SourceDate "1998.11.10"]
[WhiteTeamCountry "YUG"]
[BlackTeamCountry "YUG"]

1. d4 c5 2. d5 Nf6 3. c4 e6 4. Nc3 exd5 5. cxd5 d6 6. e4 g6 7. Bd3 Bg7 8. Nge2
O-O 9. O-O Ng4 10. Bc2 Na6 11. h3 Ne5 12. f4 Nc4 13. b3 Nb6 14. Bb2 Bd7 15. Qd2
c4 16. f5 Nb4 17. Bb1 cxb3 18. axb3 a5 19. Rf3 Re8 20. Nf4 Be5 21. Nd1 Qh4 22.
Nf2 gxf5 23. exf5 N6xd5 24. g3 Bxf4 25. gxf4 Bc6 26. Ne4 f6 27. Qg2+ Kh8 28.
Rg3 Rxe4 29. Bxe4 Nxf4 30. Rxa5 Re8 31. Qf3 Qxg3+ 32. Qxg3 Ne2+ 33. Kf2 Nxg3
34. Bxc6 Nxc6 35. Bxf6+ Kg8 36. Rd5 Ne4+ 37. Kf3 Nxf6 38. Rxd6 Kf7 39. b4 Re5
40. Kf4 Re4+ 41. Kg5 h6+ 42. Kxh6 Rxb4 43. Kg5 Ne4+ 0-1

[Event "YUG-ch52"]
[Site "Niksic"]
[Date "1997.??.??"]
[Round "4"]
[White "Velimirovic, Dragoljub"]
[Black "Petronic, Jovan"]
[Result "1/2-1/2"]
[WhiteElo "2485"]
[BlackElo "2455"]
[PlyCount "23"]
[EventDate "1997.??.??"]
[EventType "tourn"]
[EventRounds "15"]
[EventCountry "YUG"]
[EventCategory "10"]
[Source "ChessBase"]
[SourceDate "1998.11.10"]
[WhiteTeamCountry "YUG"]
[BlackTeamCountry "YUG"]

1. e4 e5 2. Nf3 Nc6 3. Bb5 a6 4. Ba4 Nf6 5. Bxc6 dxc6 6. d3 Nd7 7. Nbd2 Bd6 8.
Nc4 c5 9. Bd2 O-O 10. a4 b6 11. O-O Re8 12. Ne3 1/2-1/2

[Event "YUG-ch52"]
[Site "Niksic"]
[Date "1997.??.??"]
[Round "5"]
[White "Damljanovic, Branko"]
[Black "Velimirovic, Dragoljub"]
[Result "0-1"]
[WhiteElo "2540"]
[BlackElo "2485"]
[PlyCount "86"]
[EventDate "1997.??.??"]
[EventType "tourn"]
[EventRounds "15"]
[EventCountry "YUG"]
[EventCategory "10"]
[Source "ChessBase"]
[SourceDate "1998.11.10"]
[WhiteTeamCountry "YUG"]
[BlackTeamCountry "YUG"]

1. Nf3 Nf6 2. g3 g6 3. Bg2 Bg7 4. O-O O-O 5. c4 d6 6. Nc3 Nc6 7. d4 Bg4 8. d5
Na5 9. Nd2 c5 10. Qc2 e5 11. b3 a6 12. e4 Rb8 13. Bb2 b5 14. h3 Bd7 15. Ne2 Nh5
16. g4 Nf6 17. f4 exf4 18. Nxf4 bxc4 19. e5 Nxg4 20. hxg4 dxe5 21. Nh3 cxb3 22.
axb3 Qb6 23. Nf2 Nxb3 24. Nxb3 Qxb3 25. Qxb3 Rxb3 26. Ba3 Rc8 27. Ne4 Bxg4 28.
Nd6 Rd8 29. Nxf7 Rf8 30. Bxc5 Rxf7 31. Rxf7 Kxf7 32. Rxa6 Bh6 33. Ra7+ Kf6 34.
Rxh7 Be3+ 35. Bxe3 Rxe3 36. Kf2 Re2+ 37. Kg3 Bf5 38. Rh8 Kg5 39. Re8 Re3+ 40.
Kf2 Kf4 41. Bf1 Rb3 42. d6 Rb2+ 43. Ke1 Rb6 0-1

[Event "YUG-ch52"]
[Site "Niksic"]
[Date "1997.??.??"]
[Round "6"]
[White "Velimirovic, Dragoljub"]
[Black "Stamenkovic, Zoran"]
[Result "1-0"]
[WhiteElo "2485"]
[BlackElo "2415"]
[PlyCount "81"]
[EventDate "1997.??.??"]
[EventType "tourn"]
[EventRounds "15"]
[EventCountry "YUG"]
[EventCategory "10"]
[Source "ChessBase"]
[SourceDate "1998.11.10"]
[WhiteTeamCountry "YUG"]
[BlackTeamCountry "YUG"]

1. e4 e6 2. d4 d5 3. Nc3 Nf6 4. Bg5 dxe4 5. Nxe4 Be7 6. Bxf6 gxf6 7. Qd3 b6 8.
O-O-O Bb7 9. Qf3 c6 10. Bc4 Na6 11. Qh5 Nc7 12. Nf3 Nd5 13. Rhe1 Rf8 14. Qxh7
Qd7 15. Qh6 O-O-O 16. Kb1 Rh8 17. Qd2 Kb8 18. Bxd5 Qxd5 19. Nxf6 Qf5 20. Ne4 c5
21. Qe3 Qg4 22. Ne5 cxd4 23. Rxd4 Qxg2 24. Nd7+ Ka8 25. Nxb6+ axb6 26. Ra4+ Kb8
27. Qf4+ Bd6 28. Nxd6 Qxh2 29. Nxb7+ Qxf4 30. Rxf4 Kxb7 31. Rxf7+ Ka6 32. a3
Rh6 33. Re4 Rd5 34. Ra4+ Kb5 35. Rb4+ Kc6 36. Rc4+ Kb5 37. Rc8 Rh1+ 38. Ka2 Rc1
39. Kb3 Ka6 40. c4 Rd3+ 41. Kb4 1-0

[Event "YUG-ch52"]
[Site "Niksic"]
[Date "1997.??.??"]
[Round "7"]
[White "Marinkovic, Ivan"]
[Black "Velimirovic, Dragoljub"]
[Result "1/2-1/2"]
[WhiteElo "2495"]
[BlackElo "2485"]
[PlyCount "175"]
[EventDate "1997.??.??"]
[EventType "tourn"]
[EventRounds "15"]
[EventCountry "YUG"]
[EventCategory "10"]
[Source "ChessBase"]
[SourceDate "1999.11.16"]
[WhiteTeamCountry "YUG"]
[BlackTeamCountry "YUG"]

1. e4 c5 2. Nf3 Nc6 3. d4 cxd4 4. Nxd4 g6 5. Nc3 Bg7 6. Nde2 Rb8 7. a4 d6 8. h3
a6 9. g3 b5 10. axb5 axb5 11. Bg2 b4 12. Nd5 e6 13. Ne3 Nge7 14. O-O O-O 15.
Ra4 Qc7 16. b3 Rd8 17. Nf4 Rb6 18. Bd2 Ra6 19. Rxa6 Bxa6 20. Re1 Ra8 21. Bc1
Nd4 22. Nd3 Nec6 23. Bb2 Nxc2 24. Qxc2 Bxd3 25. Qc1 Bxb2 26. Qxb2 Bb5 27. Ng4
e5 28. Nf6+ Kg7 29. Nd5 Qa7 30. Bf1 Bxf1 31. Rxf1 Qa3 32. Qc2 Ra6 33. Rb1 Qa2
34. Qxa2 Rxa2 35. Rc1 Nd4 36. Rc4 Re2 37. Ne3 Nxb3 38. Rxb4 Nc5 39. Rc4 Kf6 40.
Kf1 Rd2 41. f3 Ke6 42. g4 Rb2 43. Rc3 Rb3 44. Rxb3 Nxb3 45. g5 Nd4 46. Kf2 Nc6
47. Kg3 Ne7 48. Kg4 d5 49. exd5+ Nxd5 50. Nc4 Ne7 51. Nd2 Nf5 52. f4 Nd6 53.
fxe5 Kxe5 54. h4 Nf5 55. h5 Ne3+ 56. Kf3 Nd5 57. hxg6 hxg6 58. Kg4 Kd4 59. Nf3+
Ke4 60. Nd2+ Kd3 61. Nf3 Ne3+ 62. Kf4 Nc4 63. Nh2 Kd4 64. Ng4 Nb2 65. Nh6 Nd3+
66. Kg3 Ne5 67. Kf4 Kd5 68. Ng8 Nd3+ 69. Ke3 Nc5 70. Nh6 Ke6 71. Kd4 Nd7 72.
Ke4 Ne5 73. Ng8 Nd7 74. Nh6 Nf8 75. Kf4 Ke7 76. Ng8+ Kd6 77. Nh6 Ne6+ 78. Kg4
Nd8 79. Kf4 Kd5 80. Kg4 Ke5 81. Kg3 Ke6 82. Kf4 Nb7 83. Ng8 Nc5 84. Nh6 Nd3+
85. Ke3 Nb4 86. Kf4 Nd5+ 87. Ke4 Ne7 88. Kf4 1/2-1/2

[Event "YUG-ch52"]
[Site "Niksic"]
[Date "1997.??.??"]
[Round "8"]
[White "Velimirovic, Dragoljub"]
[Black "Gligoric, Svetozar"]
[Result "1/2-1/2"]
[WhiteElo "2485"]
[BlackElo "2465"]
[PlyCount "25"]
[EventDate "1997.??.??"]
[EventType "tourn"]
[EventRounds "15"]
[EventCountry "YUG"]
[EventCategory "10"]
[Source "ChessBase"]
[SourceDate "1999.11.16"]
[WhiteTeamCountry "YUG"]
[BlackTeamCountry "YUG"]

1. e4 e5 2. Nf3 Nc6 3. c3 Nf6 4. d4 Nxe4 5. d5 Nb8 6. Nxe5 Qe7 7. Qd4 d6 8.
Qxe4 Qxe5 9. Nd2 Nd7 10. Bb5 Qxe4+ 11. Nxe4 Be7 12. O-O O-O 13. Re1 1/2-1/2

[Event "YUG-ch52"]
[Site "Niksic"]
[Date "1997.??.??"]
[Round "9"]
[White "Pikula, Dejan"]
[Black "Velimirovic, Dragoljub"]
[Result "1/2-1/2"]
[WhiteElo "2495"]
[BlackElo "2485"]
[PlyCount "67"]
[EventDate "1997.??.??"]
[EventType "tourn"]
[EventRounds "15"]
[EventCountry "YUG"]
[EventCategory "10"]
[Source "ChessBase"]
[SourceDate "1999.11.16"]
[WhiteTeamCountry "YUG"]
[BlackTeamCountry "YUG"]

1. e4 c5 2. Nf3 Nc6 3. d4 cxd4 4. Nxd4 g6 5. c4 Nf6 6. Nc3 d6 7. Be2 Nxd4 8.
Qxd4 Bg7 9. Bg5 O-O 10. Qd2 a6 11. O-O Be6 12. f3 Rc8 13. Nd5 Nxd5 14. cxd5 Bd7
15. Be3 e6 16. dxe6 Bxe6 17. Bd4 Bxd4+ 18. Qxd4 Qa5 19. Bd3 Rfd8 20. a3 Qe5 21.
Qf2 Qc5 22. Rad1 Bb3 23. Rd2 Kf8 24. Re1 Rd7 25. Re3 Qb6 26. Bf1 Be6 27. Red3
Qxf2+ 28. Kxf2 Ke7 29. f4 Rc1 30. Rd4 f6 31. Be2 g5 32. fxg5 fxg5 33. Kg3 Rc5
34. Bf3 1/2-1/2

[Event "YUG-ch52"]
[Site "Niksic"]
[Date "1997.??.??"]
[Round "10"]
[White "Kovacevic, Aleksandar"]
[Black "Velimirovic, Dragoljub"]
[Result "1/2-1/2"]
[WhiteElo "2485"]
[BlackElo "2485"]
[PlyCount "29"]
[EventDate "1997.??.??"]
[EventType "tourn"]
[EventRounds "15"]
[EventCountry "YUG"]
[EventCategory "10"]
[Source "ChessBase"]
[SourceDate "1999.11.16"]
[WhiteTeamCountry "YUG"]
[BlackTeamCountry "YUG"]

1. e4 e5 2. Nf3 Nc6 3. Bb5 a6 4. Ba4 Nf6 5. O-O Be7 6. Re1 b5 7. Bb3 d6 8. c3
O-O 9. d4 Bg4 10. d5 Na5 11. Bc2 c6 12. dxc6 Qc7 13. h3 Be6 14. Nbd2 Qxc6 15.
Nf1 1/2-1/2

[Event "YUG-ch52"]
[Site "Niksic"]
[Date "1997.??.??"]
[Round "11"]
[White "Velimirovic, Dragoljub"]
[Black "Markovic, Miroslav"]
[Result "1/2-1/2"]
[WhiteElo "2485"]
[BlackElo "2520"]
[PlyCount "94"]
[EventDate "1997.??.??"]
[EventType "tourn"]
[EventRounds "15"]
[EventCountry "YUG"]
[EventCategory "10"]
[Source "ChessBase"]
[SourceDate "1999.11.16"]
[WhiteTeamCountry "YUG"]
[BlackTeamCountry "YUG"]

1. e4 c5 2. Nf3 d6 3. d4 cxd4 4. Nxd4 Nf6 5. Nc3 g6 6. Be3 Bg7 7. f3 O-O 8. Qd2
Nc6 9. O-O-O d5 10. g4 e5 11. Nxc6 bxc6 12. exd5 cxd5 13. Nxd5 e4 14. Nxf6+
Qxf6 15. Bd4 Qxf3 16. Be2 Qh3 17. Bxg7 Kxg7 18. Qd4+ Kg8 19. Qxe4 Rb8 20. Rd3
Qh4 21. Rb3 Be6 22. Rxb8 Rxb8 23. Qf4 Rc8 24. Rf1 Bxa2 25. Ba6 Rc6 26. Bb5 Rc5
27. Qe3 Qg5 28. Qxg5 Rxg5 29. Be2 Be6 30. b4 Kg7 31. Rf4 Re5 32. Kd2 h5 33.
gxh5 g5 34. Rd4 Kh6 35. c4 f5 36. Rd6 g4 37. Ra6 Kxh5 38. Bd3 f4 39. Rxa7 g3
40. Rg7 Bg4 41. Rh7+ Kg5 42. hxg3 fxg3 43. Rg7+ Kh4 44. Rh7+ Bh5 45. Rg7 Bg4
46. Rh7+ Bh5 47. Rg7 Bg4 1/2-1/2

[Event "YUG-ch52"]
[Site "Niksic"]
[Date "1997.??.??"]
[Round "12"]
[White "Popovic, Petar"]
[Black "Velimirovic, Dragoljub"]
[Result "1/2-1/2"]
[WhiteElo "2545"]
[BlackElo "2485"]
[PlyCount "110"]
[EventDate "1997.??.??"]
[EventType "tourn"]
[EventRounds "15"]
[EventCountry "YUG"]
[EventCategory "10"]
[Source "ChessBase"]
[SourceDate "1999.11.16"]
[WhiteTeamCountry "YUG"]
[BlackTeamCountry "YUG"]

1. e4 c5 2. Nf3 Nc6 3. d4 cxd4 4. Nxd4 g6 5. c4 Nf6 6. Nc3 d6 7. Be2 Nxd4 8.
Qxd4 Bg7 9. Be3 O-O 10. Qd2 Be6 11. O-O Qa5 12. Rab1 Rfc8 13. b3 Ng4 14. Nd5
Qxd2 15. Bxd2 Bxd5 16. exd5 Nf6 17. Bd3 Nd7 18. Rfe1 Bf6 19. Rbd1 a5 20. a4 Rc7
21. g3 h5 22. Kg2 Kg7 23. h3 b6 24. f4 Re8 25. g4 hxg4 26. hxg4 e5 27. dxe6
Rxe6 28. Rxe6 fxe6 29. Be3 Kf7 30. g5 Be7 31. Rh1 Bf8 32. Rh8 Bg7 33. Rd8 d5
34. cxd5 exd5 35. Bb5 d4 36. Bf2 Nc5 37. Bc4+ Ke7 38. Rg8 Kd6 39. Re8 Re7 40.
Rd8+ Kc7 41. Rd5 Ne4 42. Bxd4 Nd2 43. Kg3 Nxc4 44. bxc4 Bxd4 45. Rxd4 Re1 46.
Rd5 Rc1 47. Re5 Kd7 48. Rb5 Kc6 49. Re5 Kd7 50. Rd5+ Ke7 51. Rb5 Rxc4 52. Rxb6
Kf7 53. Rb7+ Kf8 54. Rb6 Kf7 55. Rb7+ Kf8 1/2-1/2

[Event "YUG-ch52"]
[Site "Niksic"]
[Date "1997.??.??"]
[Round "13"]
[White "Velimirovic, Dragoljub"]
[Black "Ilincic, Zlatko"]
[Result "1-0"]
[WhiteElo "2485"]
[BlackElo "2565"]
[PlyCount "81"]
[EventDate "1997.??.??"]
[EventType "tourn"]
[EventRounds "15"]
[EventCountry "YUG"]
[EventCategory "10"]
[Source "ChessBase"]
[SourceDate "1998.11.10"]
[WhiteTeamCountry "YUG"]
[BlackTeamCountry "YUG"]

1. e4 c5 2. Nf3 d6 3. d4 cxd4 4. Nxd4 Nf6 5. Nc3 a6 6. Be3 Ng4 7. Bc1 Nf6 8.
Be3 Ng4 9. Bg5 h6 10. Bh4 g5 11. Bg3 Bg7 12. Be2 h5 13. Bxg4 Bxg4 14. f3 Bd7
15. Bf2 Nc6 16. Nd5 Rb8 17. O-O e6 18. Nc3 Ne5 19. Nde2 b5 20. a3 a5 21. Nd4
O-O 22. Nce2 Qf6 23. b3 Ng6 24. Qd2 h4 25. Be3 Nf4 26. g3 hxg3 27. hxg3 Nxe2+
28. Nxe2 g4 29. Qxd6 gxf3 30. Bd4 Qg6 31. Rxf3 Qxe4 32. Raf1 e5 33. Qxd7 Rb7
34. Qd6 exd4 35. Nf4 Qxc2 36. Ne6 Re8 37. Nxg7 Kxg7 38. Qf6+ Kg8 39. Rf5 Re6
40. Rg5+ Kf8 41. Qxe6 1-0